000 00350nam a2200133Ia 4500
008 230411s9999 xx 000 0 und d
041 _aeng
082 _aS/617.917/PAT/B04568
100 _aPatil Rashmi
245 _aOperation Theatre Technique
260 _bVora Medical Publications
_aMumbai
_c1994
300 _a202p
999 _c155186
_d155186